| 000 | 00000nam 2200000zi 4500 |
| 001 | 9.877198 |
| 003 | CaOODSP |
| 005 | 20221107164918 |
| 006 | m o d f |
| 007 | cr |n||||||||| |
| 008 | 190730e198901##onc||||#ob f000 0|eng d |
| 040 | |aCaOODSP|beng|erda|cCaOODSP |
| 043 | |an-cn--- |
| 086 | 1 |aCo22-218/1989E-PDF |
| 100 | 1 |aJeanotte, M. Sharon, |eauthor. |
| 245 | 14|aThe panoptic society : |bprivacy and information services in Canada / |cM. Sharon Jeannotte. |
| 264 | 1|a[Ottawa] : |bStrategic Policy Planning Division (DSP), Department of Communications, |cJanuary 1989. |
| 300 | |a1 online resource (59 pages) |
| 336 | |atext|btxt|2rdacontent |
| 337 | |acomputer|bc|2rdamedia |
| 338 | |aonline resource|bcr|2rdacarrier |
| 500 | |aDigitized edition from print [produced by Innovation, Science and Economic Development Canada]. |
| 504 | |aIncludes bibliographical references. |
| 692 | 07|2gccst|aPrivacy |
| 692 | 07|2gccst|aInformation systems |
| 710 | 1 |aCanada. |bDepartment of Communications. |
| 856 | 40|qPDF|s4.56 MB|uhttps://publications.gc.ca/collections/collection_2019/isde-ised/Co22/Co22-218-1989-eng.pdf |